Jyväskylän MM-rallin erikoiskokeita - Statistics

Yleistilastot
  • Tätä visaa on pelattu 125 kertaa
    72 viimeisimmän päivityksen jälkeen
  • Keskiarvotulos 15 / 91
Vastaustilastot
% Oikein
H Harju
88%
L Laukaa
73%
O Ouninpohja
73%
H Himos
54%
R Ruuhimäki
54%
M Myhinpää
52%
P Päijälä
52%
L Lankamaa
50%
M Moksi
48%
L Leustu
46%
V Västilä
40%
O Oittila
38%
L Laajavuori
35%
S Sahloinen
35%
E Ehikki
33%
K Kakaristo
33%
S Surkee
33%
H Humalamäki
31%
K Killeri
31%
Ä Äänekoski
27%
U Urria
27%
H Hassi
25%
A Arvaja
21%
J Jukojärvi
21%
V Vaheri
21%
V Valkola
21%
H Halttula
19%
J Juupajoki
19%
M Mökkiperä
19%
P Parkkola
19%
T Tampere
19%
P Pihlajakoski
17%
R Rapsula
17%
V Vekkula
17%
K Keuruu
15%
K Kuohu
15%
P Painaa
13%
P Palsankylä
13%
S Savo
13%
Ä Äijälä
10%
L Lempää
10%
P Patajoki
10%
V Valkeakoski
10%
V Vellipohja
10%
H Hannula
8%
K Kaipolanvuori
8%
K Kruununperä
8%
S Sahalahti
8%
T Talviainen
8%
T Torittu
8%
Ä Ässämäki
6%
H Hauhanpohja
6%
K Koukunmaa
6%
M Mynnilä
6%
S Siitama
6%
V Vartiamäki
6%
V Vesala
6%
H Hippos
4%
K Konivuori
4%
K Korpiaho
4%
M Muittari
4%
M Mutanen
4%
T Tiilimaa
4%
T Tikkakoski
4%
T Töppöspohja
4%
U Uskila
4%
Y Ylemmäinen
4%
H Haukilahti
2%
H Horkka
2%
J Jäppilä
2%
J Jouhtikylä
2%
K Kalliokoski
2%
K Koivulahti
2%
K Konttimäki
2%
K Kutemajärvi
2%
P Paateri
2%
S Saalahti
2%
T Tammimäki
2%
T Toikkala
2%
A Autio
0%
H Heräjärvi
0%
H Höytiä
0%
H Huhtia
0%
K Kelloperä
0%
K Kiimasjärvi
0%
L Lautaperä
0%
M Mäkrä
0%
P Palikkaviita
0%
P Pitkäjärvi
0%
S Soimaharju
0%
T Tuohikotanen
0%
Ehtoja vastaavia visoja ei löytynyt
Tulosjakauma
Jokaisen tuloksen saaneiden osuus
Persentiili vastausten määrän mukaan
Tuloshistoriasi
Et ole pelannut tätä visaa sen viimeisimmän päivityksen jälkeen